=LDR 00000nam 2200000 4500 =001 NUTBA000000000005646 =005 20141105090334.0 =006 =007 =008 =020 ##$$a 978-979-050-273-4 =035 ##$$a 0010-111400000000125 =040 ##$$a NBPDMAT =082 ##$$a R.912 598 27 =090 ##$$a R.912 598 27 $b Mah a =100 ##$$a Mahyuzar =245 ##$$a Atlas tematik provinsi yogyakarta / $c penyusun Mahyuzan dkk =260 ##$$a Jakarta : $b Bina Sumber Daya Cipta, $c 2010 =300 ##$$a 48 hlm. : $b ilus. ; $c 29 cm. =650 ##$$a Atlas tematik yogyakarta